Petrografické praktikum - klasifikace vyvřelých hornin /

Uložené v:
Podrobná bibliografia
Hlavný autor: Kudělásková, Miloslava, 1935- (Author)
Médium: Kniha
Jazyk:Czech
Vydané: Ostrava : Vysoká škola báňská, 1991
Vydanie:1. vyd.
ISBN: 8070780568 (brož.)
Fyzický popis: 73 s.
Tagy: Pridať tag
Žiadne tagy, Buďte prvý kto otaguje tento záznam!

MARC

LEADER 00000nam a2200000 a 4500
001 000215721
005 20060605180412.0
008 060420s1991 xr e czeo
020 |a 8070780568 (brož.) 
041 0 |a cze 
044 |a xr  |c CZ 
100 1 |a Kudělásková, Miloslava,  |d 1935-  |4 aut 
245 1 0 |a Petrografické praktikum - klasifikace vyvřelých hornin /  |c Miloslava Kudělásková 
250 |a 1. vyd. 
260 |a Ostrava :  |b Vysoká škola báňská,  |c 1991 
300 |a 73 s. 
910 |a svkkk 
919 |a 80-7078-056-8 
998 |a BK 
090 |g SCKHL  |k Sklad Pribinova 3. posch.  |a V.174505  |j 821879  |i 2720983613  |s Absenčne 
090 |g SCKHL  |k Sklad Pribinova 3. posch.  |a V.174506  |j 821880  |i 215721-20  |4 Duplikát  |s Vyradená